| 000 | 01855nam a22004334a 4500 | ||
|---|---|---|---|
| 001 | ebr10023398 | ||
| 003 | CaPaEBR | ||
| 006 | m u | ||
| 007 | cr cn||||||||| | ||
| 008 | 010531s2002 enka sb 001 0 eng | ||
| 010 | _z 2001037366 | ||
| 020 | _z052179045X | ||
| 020 | _z052179384X (pb.) | ||
| 040 |
_aCaPaEBR _cCaPaEBR |
||
| 035 | _a(OCoLC)559664857 | ||
| 050 | 1 | 4 |
_aHQ767.5.G3 _bS53 2002eb |
| 082 | 0 | 4 |
_a363.46/0943 _221 |
| 245 | 0 | 0 |
_aShaping abortion discourse _h[electronic resource] : _bdemocracy and the public sphere in Germany and the United States / _cMyra Marx Ferree ... [et al.]. |
| 260 |
_aCambridge, UK ; _aNew York : _bCambridge University Press, _c2002. |
||
| 300 |
_axx, 350 p. : _bill. |
||
| 490 | 1 | _aCommunication, society, and politics | |
| 504 | _aIncludes bibliographical references (p. 325-337) and index. | ||
| 533 |
_aElectronic reproduction. _bPalo Alto, Calif. : _cebrary, _d2013. _nAvailable via World Wide Web. _nAccess may be limited to ebrary affiliated libraries. |
||
| 650 | 0 |
_aAbortion _xPolitical aspects _zGermany. |
|
| 650 | 0 |
_aAbortion _xPolitical aspects _zUnited States. |
|
| 650 | 0 |
_aAbortion _xPress coverage _zGermany. |
|
| 650 | 0 |
_aAbortion _xPress coverage _zUnited States. |
|
| 650 | 0 |
_aPro-choice movement _zGermany. |
|
| 650 | 0 |
_aPro-choice movement _zUnited States. |
|
| 650 | 0 |
_aPro-life movement _zGermany. |
|
| 650 | 0 |
_aPro-life movement _zUnited States. |
|
| 651 | 0 |
_aGermany _xPolitics and government _y20th century. |
|
| 651 | 0 |
_aUnited States _xPolitics and government _y20th century. |
|
| 655 | 7 |
_aElectronic books. _2local |
|
| 700 | 1 | _aFerree, Myra Marx. | |
| 710 | 2 | _aebrary, Inc. | |
| 830 | 0 | _aCommunication, society, and politics. | |
| 856 | 4 | 0 |
_uhttp://site.ebrary.com/lib/rucke/Doc?id=10023398 _zAn electronic book accessible through the World Wide Web; click to view |
| 999 |
_c7786 _d7786 |
||